000 00323nam a2200145Ia 4500
008 230718s9999 xx 000 0 und d
041 _aEng.
082 _a310
_bMUG-I
100 _aMughal, Muhammed
245 0 _aIncome Tax
260 _aPakistan
_bGeo Publishers
_c2009
300 _a492
650 _aLaw
999 _c29170
_d29170